| 000 | 00000nam##2200000za#4500 |
| 001 | 9.572476 |
| 003 | CaOODSP |
| 005 | 20220111083104 |
| 007 | cr ||||||||||| |
| 008 | 150406|1996||||xxc|||||o f|0| 0 eng|d |
| 022 | |a1928-6414 |
| 040 | |aCaOODSP|beng |
| 043 | |an-cn--- |
| 086 | 1 |aNE22-1/1996-12E-PDF |
| 110 | 1 |aCanada. |bNational Energy Board. |
| 245 | 10|aIn the matter of Manito Pipelines Ltd. : |h[electronic resource]|ban application dated 31 January 1996 by Murphy Oil Company Ltd. on behalf of Manito Pipelines Ltd. to abandon certain facilities |
| 246 | 1 |iVariant title : |aManito Pipelines Ltd. |
| 260 | |aCalgary - Alberta : |bNational Energy Board |cJuly 1996. |
| 300 | |a39p.|bmaps (some coloured) |
| 490 | 1 |aReasons for decision|x1928-6414|vMH-1-96 |
| 500 | |aThe catalogue number (NE22-1/1996-12E) and ISBN (0-662-24871-6) for the print edition have been incorrectly copied in this electronic publication. |
| 590 | |a12-07-Supp|b2012-03-09 |
| 775 | 08|tRelativement à Manito Pipelines Ltd. : |w(CaOODSP)9.602823 |
| 776 | 0#|tIn the matter of Manito Pipelines Ltd. : |w(CaOODSP)9.613237 |
| 830 | #0|aReasons for decision (Canada. National Energy Board)|x1928-6414|vMH-1-96|w(CaOODSP)9.504480 |
| 856 | 40|ahttp://publications.gc.ca|qPDF|s150 KB|uhttps://publications.gc.ca/collections/Collection/NE22-1-1996-12E.pdf|yMH-1-96 |